|
|
|
|
| LEADER |
01474cas a2200421 a 4500 |
| 001 |
c000184300 |
| 003 |
CARM |
| 005 |
20050727131356.0 |
| 008 |
760331d19651984flu x1 0 a0eng |
| 010 |
|
|
|a 64008943
|
| 019 |
1 |
|
|a 893806
|5 LACONCORD2021
|
| 022 |
0 |
|
|a 0069-9705
|
| 030 |
|
|
|a CSPHA8
|
| 035 |
|
|
|a (OCoLC)2083107
|5 LACONCORD2021
|
| 040 |
|
|
|a DLC
|b eng
|c OKentU
|d NSDP
|d MnMULS
|d InU
|d MH
|d MnMULS
|d OCoLC
|d OCoLC
|d AIP
|d MH
|d NST
|d NSDP
|d NST
|d DLC
|d OCoLC
|d DNLM
|d OCoLC
|
| 042 |
|
|
|a nsdp
|a lcd
|a premarc
|
| 050 |
|
4 |
|a QP431
|b .C6
|
| 050 |
0 |
0 |
|a QP431
|b .C6
|
| 060 |
0 |
0 |
|a W1
|b CO778V
|
| 060 |
0 |
0 |
|a W1 CO778V
|
| 082 |
0 |
4 |
|a 591.182
|2 19
|
| 210 |
0 |
|
|a Contrib. sens. physiol
|
| 222 |
|
0 |
|a Contributions to sensory physiology
|
| 245 |
0 |
0 |
|a Contributions to sensory physiology.
|
| 260 |
|
|
|a New York :
|b Academic Press,
|c 1965-1984.
|
| 300 |
|
|
|a v. :
|b ill. ;
|c 24 cm.
|
| 310 |
|
|
|a Irregular
|
| 362 |
0 |
|
|a Vol. 1-v. 8.
|
| 500 |
|
|
|a Published: Orlando [Fla.], -1984.
|
| 504 |
|
|
|a Includes bibliographical references and index.
|
| 650 |
|
0 |
|a Sense organs
|v Periodicals.
|
| 650 |
|
0 |
|a Senses and sensation
|v Periodicals.
|
| 700 |
1 |
|
|a Neff, William D.
|
| 852 |
8 |
|
|b CARM
|h A2:AK32B0
|i B05525
|p 0257169
|f SE
|
| 866 |
|
0 |
|a 1(1965)-8(1984)
|
| 866 |
|
0 |
|a 1(1965)-8(1984)
|
| 999 |
f |
f |
|i 664228a9-4376-5eff-bf2e-2944fe3600af
|s a89b569e-b9e4-5bc6-9b0d-5623030abcf6
|
| 952 |
f |
f |
|p Can circulate
|a CAVAL
|b CAVAL
|c CAVAL
|d CARM 1 Store
|e B05525
|f A2:AK32B0
|h Other scheme
|i book
|k 1(1965)-8(1984)
|m 0257169
|